DO YOU KNOW THESE FLAGS? - Statistics

General Stats
  • This quiz has been taken 19 times
  • The average score is 6 of 14
Answer Stats
Picture Answer % Correct
Austro-Hungarian Empire
93%
Austrian Empire
86%
African Union
79%
Albanian Empire
71%
Assyria
57%
Arab League
43%
ASEAN
43%
Alam Melayu
29%
Arabia
29%
Ashanti Empire
21%
Ajuran Sultanate
14%
Al Andalus
14%
Alpine Republic
14%
Kingdom of Aksum
14%
No matching quizzes found
Score Distribution
Percent of People with Each Score
Percentile by Number Answered
Your Score History
You have not taken this quiz